The book of the machine gun, (Record no. 552501)
[ view plain ]
| 000 -LEADER | |
|---|---|
| fixed length control field | 00533cam a2200157u 4500 |
| 082 ## - DEWEY DECIMAL CLASSIFICATION NUMBER | |
| Classification number | 355.82424 |
| Author Mark | LON |
| 100 1# - MAIN ENTRY--PERSONAL NAME | |
| Personal name | Longstaff, Frederick Victor. [from old catalog] |
| 9 (RLIN) | 49722 |
| 245 04 - TITLE STATEMENT | |
| Title | The book of the machine gun, |
| 260 ## - PUBLICATION, DISTRIBUTION, ETC. | |
| Place of publication, distribution, etc. | London, |
| Name of publisher, distributor, etc. | H. Rees, ltd., |
| Date of publication, distribution, etc. | 1917. |
| 300 ## - PHYSICAL DESCRIPTION | |
| Extent | xiv, 337, [1] p. |
| Other physical details | front., plates (part fold.) ports. |
| Dimensions | 23 cm. |
| 526 ## - STUDY PROGRAM INFORMATION NOTE | |
| Program name | 0 |
| Interest level | 0 |
| Reading level | 0 |
| Title point value | 355_824240000000000_LON |
| 650 #0 - SUBJECT ADDED ENTRY--TOPICAL TERM | |
| Topical term or geographic name entry element | Machine guns. |
| 9 (RLIN) | 49723 |
| 650 #0 - SUBJECT ADDED ENTRY--TOPICAL TERM | |
| Topical term or geographic name entry element | MCE |
| 9 (RLIN) | 379 |
| 700 1# - ADDED ENTRY--PERSONAL NAME | |
| Personal name | Atteridge, Andrew Hilliard, [from old catalog] |
| 9 (RLIN) | 49724 |
| 942 ## - ADDED ENTRY ELEMENTS (KOHA) | |
| Source of classification or shelving scheme | |
| Koha item type | Book |
| Withdrawn status | Lost status | Source of classification or shelving scheme | Damaged status | Not for loan | Permanent Location | Current Location | Shelving location | Date acquired | Total Checkouts | Full call number | Barcode | Date last seen | Price effective from | Koha item type |
|---|---|---|---|---|---|---|---|---|---|---|---|---|---|---|
| Military College of Engineering (MCE) | Military College of Engineering (MCE) | 01/16/2015 | 355.82424 LON | MCE-ECB/29 | 01/16/2015 | 03/14/2021 | Book |
